[Event "25th Bunratty Masters"]
[Site "Bunratty IRL"]
[Date "2018.02.25"]
[Round "5.19"]
[White "Connell, Blair N"]
[Black "Nettleton, Charlie B"]
[Result "1-0"]
[WhiteElo "2234"]
[BlackElo "2011"]
[WhiteFideId "403725"]
[BlackFideId "419710"]
[EventDate "2018.02.23"]

1. e4 c5 2. Nf3 Nc6 3. Bb5 Na5 4. c3 a6 5. Ba4 b5 6. Bc2 Bb7 7. O-O g6 8. d4 Bg7
9. dxc5 Nf6 10. Re1 Qc7 11. a4 Ng4 12. h3 h5 13. axb5 axb5 14. Nbd2 Qxc5 15. Qe2
Nc4 16. Rxa8+ Bxa8 17. Nxc4 bxc4 18. hxg4 hxg4 19. Ng5 f6 20. Qxg4 fxg5 21. Qxg5
Qxg5 22. Bxg5 Kf7 23. e5 Rb8 24. Bc1 Bd5 25. Be4 e6 26. f4 Bf8 27. Kf2 Bc5+ 28.
Kf3 Rh8 29. Rd1 Bxe4+ 30. Kxe4 Ke7 31. Be3 Bxe3 32. Kxe3 Rb8 33. Rd2 Rb7 34. Kd4
Rc7 35. g4 Kf7 36. Rh2 Kg7 37. Rh1 Rb7 38. Rb1 g5 39. f5 Rb5 40. fxe6 dxe6 41.
Kxc4 Rxe5 42. b4 Re4+ 43. Kc5 1-0

[Event "25th Bunratty Masters"]
[Site "Bunratty IRL"]
[Date "2018.02.25"]
[Round "5.21"]
[White "Marquardt, Christian"]
[Black "Mirza, Diana"]
[Result "1/2-1/2"]
[BlackTitle "WFM"]
[WhiteElo "2115"]
[BlackElo "1844"]
[WhiteFideId "4647866"]
[BlackFideId "2503999"]
[EventDate "2018.02.23"]

1. b3 c5 2. Bb2 Nc6 3. e3 Nf6 4. Nf3 d6 5. c4 g6 6. Nc3 Bg7 7. Be2 O-O 8. O-O e5
9. d3 Ne8 10. Nd5 f5 11. Rb1 Nf6 12. Nxf6+ Bxf6 13. a3 a5 14. Qd2 Qe7 15. Ne1 f4
16. Nc2 g5 17. Bf3 Be6 18. Rfe1 Qf7 19. d4 g4 20. Be4 d5 21. dxe5 dxe4 22. exf6
f3 23. Qd6 a4 24. Qxc5 Ra5 25. Qb6 Rh5 26. Nd4 Nxd4 27. Bxd4 g3 28. hxg3 fxg2
29. f3 exf3 30. bxa4 Bxc4 31. Kf2 Qg6 32. Rbc1 Qd3 33. Qb4 Ba6 34. f7+ Kxf7 35.
Rc7+ 1/2-1/2

[Event "25th Bunratty Masters"]
[Site "Bunratty IRL"]
[Date "2018.02.25"]
[Round "5.22"]
[White "Daly, Colm"]
[Black "Keogh, Eamon"]
[Result "1/2-1/2"]
[WhiteTitle "FM"]
[WhiteElo "2319"]
[BlackElo "1978"]
[WhiteFideId "2500434"]
[BlackFideId "2500264"]
[EventDate "2018.02.23"]

1. Nf3 Nf6 2. c4 d6 3. Nc3 e5 4. d3 Be7 5. g3 c6 6. Bg2 O-O 7. O-O Bg4 8. Rb1
Nbd7 9. b4 d5 10. Nd2 d4 11. Nce4 Nxe4 12. Nxe4 f5 13. Nd2 Qc7 14. a3 Rad8 15.
Nf3 Bh5 16. Bd2 b6 17. a4 Nf6 18. b5 c5 19. Bg5 Ne8 20. Bd2 Nf6 1/2-1/2

[Event "25th Bunratty Masters"]
[Site "Bunratty IRL"]
[Date "2018.02.25"]
[Round "5.23"]
[White "Pein, Jonathan"]
[Black "Hayes, Peter J."]
[Result "1/2-1/2"]
[WhiteElo "2177"]
[BlackElo "2079"]
[WhiteFideId "417092"]
[BlackFideId "2502569"]
[EventDate "2018.02.23"]

1. e4 c6 2. b3 d5 3. Bb2 Nd7 4. Ne2 dxe4 5. Nbc3 Ngf6 6. Ng3 Qc7 7. Ncxe4 Nxe4
8. Nxe4 Nf6 9. Nxf6+ exf6 10. Qe2+ Be7 11. O-O-O a5 12. a4 O-O 13. Qe4 Be6 14.
Bd3 f5 15. Qf3 Qd7 16. Rde1 Bg5 17. Rhg1 Rfd8 18. g4 Bxb3 19. gxf5 f6 20. cxb3
Qxd3 21. Qxd3 Rxd3 22. Re7 Rad8 23. f4 Bh6 24. Bxf6 Kf8 25. Re6 R8d7 26. Bc3
Bxf4 27. Kc2 Bxd2 28. Bxg7+ Kf7 29. Be5 Bb4 30. Rf6+ Ke7 31. Rg7+ Ke8 32. Rg8+
Ke7 33. Rg7+ Ke8 34. Re6+ Kf8 35. Rxd7 Rxd7 36. Bc3 Bxc3 37. Kxc3 Rg7 38. Re5 b6
39. Re6 Rc7 1/2-1/2

[Event "25th Bunratty Masters"]
[Site "Bunratty IRL"]
[Date "2018.02.25"]
[Round "5.24"]
[White "Fegan, Chris"]
[Black "Rawlinson, Aidan M"]
[Result "0-1"]
[WhiteElo "2034"]
[BlackElo "2168"]
[WhiteFideId "410047"]
[BlackFideId "413496"]
[EventDate "2018.02.23"]

1. d4 g6 2. e4 Bg7 3. f4 c5 4. Nf3 cxd4 5. Nxd4 Nc6 6. e5 Nh6 7. Nxc6 bxc6 8.
Be3 d6 9. Nc3 O-O 10. Bd3 dxe5 11. Qf3 exf4 12. Qxf4 Ng4 13. Bc5 Qa5 14. Bb4 Qh5
15. Be2 Be5 16. Qf3 Rb8 17. Ba3 Qh6 18. h4 Ne3 19. Bd3 Bg4 20. Qf2 Rfd8 21. Na4
Rd4 22. Bc5 Nxg2+ 23. Qxg2 Qe3+ 24. Be2 Bg3+ 0-1

[Event "25th Bunratty Masters"]
[Site "Bunratty IRL"]
[Date "2018.02.25"]
[Round "5.25"]
[White "Moran, Stephen"]
[Black "Mulligan, Scott"]
[Result "1-0"]
[WhiteElo "2127"]
[BlackElo "1984"]
[WhiteFideId "2501872"]
[BlackFideId "2507498"]
[EventDate "2018.02.23"]

1. d4 e6 2. c4 Bb4+ 3. Bd2 a5 4. Nf3 Nf6 5. g3 b6 6. Bg2 Bb7 7. O-O O-O 8. Bf4
Ne4 9. Qc2 Bd6 10. Ng5 f5 11. Nxe4 Bxf4 12. Nf6+ Qxf6 13. Bxb7 Ra7 14. Bg2 Bh6
15. Nc3 c6 16. d5 e5 17. Qb3 Qd8 18. dxc6 dxc6 19. Rad1 Qg5 20. c5+ Kh8 21. Qxb6
Raf7 22. Rd6 f4 23. Ne4 Qg4 24. Bf3 Qh3 25. Rd8 fxg3 26. hxg3 Nd7 27. Rxf8+ Rxf8
28. Qxc6 Nf6 29. Qd6 Rg8 30. c6 Ng4 31. Bxg4 Qxg4 32. Qd5 Qxe2 33. c7 Qf3 34.
Qxg8+ 1-0

[Event "25th Bunratty Masters"]
[Site "Bunratty IRL"]
[Date "2018.02.25"]
[Round "5.26"]
[White "Scallan, Fiachra"]
[Black "Davey, Mark"]
[Result "0-1"]
[WhiteElo "1927"]
[BlackElo "1990"]
[WhiteFideId "2507528"]
[BlackFideId "404730"]
[EventDate "2018.02.23"]

1. e4 Nf6 2. e5 Nd5 3. d4 d6 4. Nf3 Nc6 5. exd6 cxd6 6. Bc4 Nb6 7. Bb3 d5 8. Bf4
Bg4 9. c3 e6 10. O-O Qf6 11. Bg3 h5 12. Nbd2 h4 13. Be5 Nxe5 14. dxe5 Qf4 15.
Qe2 Be7 16. Qe3 Qxe3 17. fxe3 h3 18. g3 Rh5 19. Rae1 Bc5 20. Bc2 Bxf3 21. Rxf3
Rxe5 22. Kf2 Ke7 23. g4 Rh8 24. Rg3 Nc4 25. Nxc4 dxc4 26. Bd1 Bd6 27. Rf3 Rg5
28. Be2 f6 29. Bxc4 Rxg4 30. Bf1 Bxh2 31. Bxh3 Rgh4 32. Bf1 g5 33. e4 Rd8 34.
Rd3 Bd6 35. Red1 Rxe4 36. Bg2 Rf4+ 37. Ke3 Bc5+ 38. Ke2 Rf2+ 39. Ke1 Rxd3 0-1

[Event "25th Bunratty Masters"]
[Site "Bunratty IRL"]
[Date "2018.02.25"]
[Round "5.27"]
[White "Wolferink, Frans"]
[Black "Kennedy, John"]
[Result "1-0"]
[WhiteElo "2086"]
[BlackElo "2102"]
[WhiteFideId "1003917"]
[BlackFideId "2501120"]
[EventDate "2018.02.23"]

1. e4 c5 2. Nf3 d6 3. d4 cxd4 4. Nxd4 Nf6 5. Nc3 a6 6. g3 e5 7. Nde2 Be7 8. Bg2
O-O 9. a4 Be6 10. h3 Qa5 11. Bd2 Qc7 12. O-O Rd8 13. Be3 Nbd7 14. b3 Nb6 15. a5
Nc8 16. Qd3 Qd7 17. Kh2 d5 18. Nxd5 Nxd5 19. exd5 Bf5 20. Qd2 Nd6 21. c4 Ne4 22.
Qe1 Nc5 23. Qc3 Nd3 24. Ra4 Re8 25. g4 Bg6 26. Ng3 Nc5 27. Ra2 Nd3 28. Be4 Nf4
29. Nf5 Bf6 30. Rd2 h5 31. c5 Bxf5 32. gxf5 Qb5 33. Re1 Red8 34. d6 Rac8 35. Qc4
Qxa5 36. Bxb7 Rb8 37. b4 Qa4 38. Ra2 Qd7 39. Be4 g6 40. c6 Qxd6 41. fxg6 Rf8 42.
gxf7+ Rxf7 43. Bxf4 Rxb4 44. Qd5 Qxd5 45. Bxd5 Bd8 46. Bxe5 1-0

[Event "25th Bunratty Masters"]
[Site "Bunratty IRL"]
[Date "2018.02.25"]
[Round "6.1"]
[White "Jones, Gawain C B"]
[Black "Short, Nigel D"]
[Result "1/2-1/2"]
[WhiteTitle "GM"]
[BlackTitle "GM"]
[WhiteElo "2646"]
[BlackElo "2681"]
[WhiteFideId "409561"]
[BlackFideId "400025"]
[EventDate "2018.02.23"]

1. e4 e6 2. d4 d5 3. Nd2 g6 4. Ngf3 Bg7 5. Bd3 Ne7 6. O-O O-O 7. Re1 a5 8. Qe2
c5 9. dxc5 Nd7 10. exd5 Nxd5 11. Ne4 Qc7 12. Bc4 a4 13. c3 b6 14. c6 Qxc6 15.
Nd4 Qc7 16. Nb5 Qb8 17. Ned6 N7f6 18. Bxd5 Nxd5 19. c4 Nc7 20. Nxc8 Qxc8 21. Bf4
Nxb5 22. cxb5 Qb7 23. Be5 Bxe5 24. Qxe5 Rfd8 25. Rad1 Rd5 26. Rxd5 Qxd5 27. h4
Qxe5 28. Rxe5 Rc8 29. Re4 Rc1+ 30. Kh2 Rc2 31. Rxa4 Rxb2 32. Ra6 Rxb5 33. a4 Rb2
34. Kg1 Kg7 35. g3 e5 36. a5 b5 37. Rb6 f5 38. a6 e4 39. Rb8 Ra2 40. Rxb5 Rxa6
41. Rb7+ Kh6 42. Kf1 Ra2 43. Re7 Kh5 44. Rxh7+ Kg4 45. Rc7 e3 46. Rc4+ Kh3 47.
fxe3 Kxg3 48. Rc6 Kf3 49. Ke1 Rg2 50. Re6 Rg4 51. Kd2 Kg3 52. Ke2 Kxh4 53. Kf2
Rg3 54. Rf6 Kh3 55. Rf8 Rg2+ 56. Kf3 Kh2 57. Rf6 Kg1 58. e4 fxe4+ 59. Kxe4 Kh2
60. Kf3 Kh3 61. Rf8 Rg3+ 62. Kf2 g5 63. Rh8+ Kg4 64. Ra8 Rb3 65. Kg2 Rb2+ 66.
Kg1 Kh4 67. Ra4+ g4 68. Ra3 g3 69. Ra8 1/2-1/2

[Event "25th Bunratty Masters"]
[Site "Bunratty IRL"]
[Date "2018.02.25"]
[Round "6.2"]
[White "Tiviakov, Sergei"]
[Black "Hebden, Mark L"]
[Result "1/2-1/2"]
[WhiteTitle "GM"]
[BlackTitle "GM"]
[WhiteElo "2569"]
[BlackElo "2454"]
[WhiteFideId "1008013"]
[BlackFideId "400084"]
[EventDate "2018.02.23"]

1. e4 e5 2. Nf3 Nc6 3. Bb5 a6 4. Ba4 Nf6 5. Qe2 Be7 6. c3 b5 7. Bb3 O-O 8. d4 d6
9. Nbd2 exd4 10. cxd4 Bg4 11. Qe3 Bh5 12. O-O Bg6 13. Re1 Na5 14. Bc2 Re8 15. b3
Bf8 16. Qc3 c5 17. dxc5 dxc5 18. Bb2 Qc7 19. Nh4 Ng4 20. Qh3 c4 21. Nxg6 hxg6
22. Qxg4 c3 23. Bc1 cxd2 24. Bxd2 Qxc2 25. Bxa5 Re6 26. Re2 Qc6 27. e5 Qc5 28.
Qf3 Rae8 29. Bc3 Qc6 30. Qxc6 Rxc6 31. Bb2 Rec8 32. Kf1 Bb4 33. Rd1 Kf8 34. g3
Ke7 35. Rd4 a5 36. a3 Bc3 37. Rd5 Bxb2 38. Rxb2 Rc5 39. Rxc5 Rxc5 40. b4 axb4
41. Rxb4 Rxe5 1/2-1/2

[Event "25th Bunratty Masters"]
[Site "Bunratty IRL"]
[Date "2018.02.25"]
[Round "6.3"]
[White "Speelman, Jon S"]
[Black "Heidenfeld, Mark"]
[Result "1/2-1/2"]
[WhiteTitle "GM"]
[BlackTitle "IM"]
[WhiteElo "2503"]
[BlackElo "2356"]
[WhiteFideId "400033"]
[BlackFideId "2500990"]
[EventDate "2018.02.23"]

1. d4 e6 2. e4 d5 3. Nd2 dxe4 4. Nxe4 Nd7 5. Nf3 Ngf6 6. Nxf6+ Nxf6 7. Bd3 c5 8.
dxc5 Bxc5 9. O-O O-O 10. Bg5 b6 11. Qe2 Bb7 12. Rad1 Qc7 13. Bxf6 gxf6 14. Be4
Rfd8 15. Bxb7 Qxb7 16. a3 b5 17. c3 a6 18. Nd4 f5 19. Qe3 Bxd4 20. Rxd4 Rxd4 21.
Qxd4 Qa7 22. Rd1 Qxd4 23. Rxd4 Rc8 24. Kf1 Rc6 25. Ke2 Kg7 26. a4 Kf6 27. Kd3 h5
28. axb5 axb5 29. Rd7 Rc8 30. Rb7 Rd8+ 31. Ke3 Rd5 32. f4 h4 33. b4 Kg6 34. h3
f6 35. Rb6 Kf7 36. Rb7+ Kg6 37. Rb6 1/2-1/2

[Event "25th Bunratty Masters"]
[Site "Bunratty IRL"]
[Date "2018.02.25"]
[Round "6.4"]
[White "Bates, Richard A"]
[Black "Williams, Simon K"]
[Result "1/2-1/2"]
[WhiteTitle "IM"]
[BlackTitle "GM"]
[WhiteElo "2364"]
[BlackElo "2453"]
[WhiteFideId "403555"]
[BlackFideId "404454"]
[EventDate "2018.02.23"]

1. d4 Nf6 2. Nf3 g6 3. g3 Bg7 4. Bg2 O-O 5. O-O d6 6. c4 Nc6 7. Nc3 Bg4 8. d5
Na5 9. Nd2 c5 10. h3 Bd7 11. Qc2 a6 12. b3 b5 13. Bb2 Rb8 14. Rab1 h5 15. cxb5
axb5 16. Nce4 Nxd5 17. Bxg7 Kxg7 18. Nxd6 exd6 19. Bxd5 Bxh3 20. Qc3+ f6 21.
Rfd1 b4 22. Qd3 Rb6 23. Ra1 Re8 24. a3 Bc8 25. axb4 Rxb4 26. Nf3 Bf5 27. Qc3 Qb6
28. Nh4 Be4 29. Bxe4 Rexe4 30. Rxa5 Qxa5 31. Rxd6 Red4 32. Rxd4 cxd4 33. Qc2 f5
34. Qc6 Qb6 35. Qd7+ Kh6 36. Qe7 Rxb3 37. Qf8+ Kh7 38. Qf7+ Kh6 39. Qf8+ Kg5 40.
Nf3+ Rxf3 41. exf3 Qc7 42. Kg2 f4 43. gxf4+ Qxf4 44. Qd8+ Qf6 45. f4+ Kf5 46.
Qc7 Qe6 47. Kg3 d3 48. Qc5+ Kf6 49. Qf8+ Qf7 50. Qd6+ Kg7 51. Qxd3 Kh7 52. Qd4
Qf5 53. f3 Qe6 54. Qe5 Qd7 55. Qf6 Qa7 56. Kg2 Qg7 57. Qe5 1/2-1/2

[Event "25th Bunratty Masters"]
[Site "Bunratty IRL"]
[Date "2018.02.25"]
[Round "6.5"]
[White "L'Ami, Alina"]
[Black "Wells, Peter K"]
[Result "1-0"]
[WhiteTitle "IM"]
[BlackTitle "GM"]
[WhiteElo "2310"]
[BlackElo "2427"]
[WhiteFideId "1210246"]
[BlackFideId "400327"]
[EventDate "2018.02.23"]

1. d4 d5 2. c4 e6 3. Nf3 Nf6 4. Nc3 c6 5. Bg5 h6 6. Bh4 dxc4 7. e4 g5 8. Bg3 b5
9. Be2 Bb7 10. h4 g4 11. Ne5 h5 12. f3 Nbd7 13. Nxd7 Qxd7 14. Be5 Rh6 15. Qd2
Rg6 16. Bf4 c5 17. dxc5 Qxd2+ 18. Bxd2 a6 19. a4 b4 20. Na2 a5 21. Be3 gxf3 22.
gxf3 Nd7 23. Bxc4 Bxc5 24. Bxc5 Nxc5 25. Bb5+ Ke7 26. Rc1 Rc8 27. Kf2 e5 28.
Rhd1 Rd6 29. Rxd6 Kxd6 30. Rd1+ Kc7 31. Nc1 Bc6 32. Bxc6 Kxc6 33. Nd3 Nxd3+ 34.
Rxd3 Kc5 35. b3 1-0

[Event "25th Bunratty Masters"]
[Site "Bunratty IRL"]
[Date "2018.02.25"]
[Round "6.6"]
[White "O'Donnell, Conor"]
[Black "Baburin, Alexander"]
[Result "0-1"]
[WhiteTitle "FM"]
[BlackTitle "GM"]
[WhiteElo "2318"]
[BlackElo "2458"]
[WhiteFideId "2504243"]
[BlackFideId "2500914"]
[EventDate "2018.02.23"]

1. d4 Nf6 2. c4 g6 3. g3 Bg7 4. Bg2 O-O 5. Nc3 c6 6. Nf3 d6 7. O-O Qa5 8. h3 Be6
9. d5 cxd5 10. Nd4 Bd7 11. cxd5 Rc8 12. Be3 Na6 13. Nb3 Qd8 14. Qd2 Be8 15. Rac1
Nd7 16. Bh6 Ne5 17. Bxg7 Kxg7 18. e4 Qb6 19. Ne2 Nb4 20. Rxc8 Rxc8 21. Nbc1 Rc2
22. Qd1 Rxb2 23. a3 Nc2 24. Kh2 Bb5 25. Qd2 Bxe2 26. Qxe2 Nd4 27. Qd1 Rd2 28.
Qa4 Ndf3+ 0-1

[Event "25th Bunratty Masters"]
[Site "Bunratty IRL"]
[Date "2018.02.25"]
[Round "6.7"]
[White "McShane, Luke J"]
[Black "Prilleltensky, Matan"]
[Result "1-0"]
[WhiteTitle "GM"]
[WhiteElo "2643"]
[BlackElo "2195"]
[WhiteFideId "404853"]
[BlackFideId "2024810"]
[EventDate "2018.02.23"]

1. d4 d5 2. Bf4 Bf5 3. e3 e6 4. g4 Bg6 5. h4 h5 6. g5 Bd6 7. Ne2 Be4 8. Rg1 Ne7
9. Nd2 Bg6 10. c4 Nbc6 11. a3 e5 12. dxe5 Nxe5 13. Bxe5 Bxe5 14. Nf3 Bxb2 15.
Ra2 Be4 16. Nd2 Be5 17. f4 Bd6 18. Nxe4 dxe4 19. Qd4 c5 20. Qxg7 Rg8 21. Qh7
Qa5+ 22. Kf2 O-O-O 23. Qxf7 Kb8 24. Bg2 Rdf8 25. Qe6 Qc7 26. Rb1 1-0

[Event "25th Bunratty Masters"]
[Site "Bunratty IRL"]
[Date "2018.02.25"]
[Round "6.8"]
[White "Collins, Sam E."]
[Black "Melaugh, Shane"]
[Result "1-0"]
[WhiteTitle "IM"]
[WhiteElo "2464"]
[BlackElo "2103"]
[WhiteFideId "2501198"]
[BlackFideId "2509580"]
[EventDate "2018.02.23"]

1. e4 c5 2. Nf3 Nc6 3. c3 Nf6 4. e5 Nd5 5. d4 cxd4 6. cxd4 d6 7. Bc4 e6 8. O-O
Be7 9. Qe2 O-O 10. Nc3 Nb6 11. Bd3 d5 12. Bc2 f6 13. exf6 Bxf6 14. Qd3 g6 15. a3
Nc4 16. b3 Nd6 17. Bb2 Nf5 18. Ne2 Bd7 19. Rfe1 Bg7 20. Ng3 Nd6 21. Rad1 Rc8 22.
Bb1 a5 23. h4 Nf5 24. Nxf5 Rxf5 25. Qe2 Rf4 26. g3 Rf8 27. Kg2 Qb6 28. Qd3 Rf6
29. Rd2 Rcf8 30. Re3 Ne7 31. Ne5 Bb5 32. Qc2 Bh6 33. f4 Nf5 34. Rc3 Nxd4 35.
Rxd4 Qxd4 36. Ng4 Bg7 37. Rc8 Qxb2 38. Qxb2 Rxc8 39. Nxf6+ Kf7 40. Qd2 Bxf6 41.
Qxa5 Ba6 42. b4 Be2 43. Kf2 Bg4 44. Qb6 Rc3 45. Qxb7+ Kg8 46. Qa7 Rb3 47. Bc2
Rb2 48. Qb8+ Kg7 49. Qc7+ Kg8 50. Ke1 Ra2 51. b5 Bd4 52. h5 1-0

[Event "25th Bunratty Masters"]
[Site "Bunratty IRL"]
[Date "2018.02.25"]
[Round "6.9"]
[White "Li, Henry"]
[Black "Wallace, John Paul"]
[Result "1/2-1/2"]
[BlackTitle "IM"]
[WhiteElo "2191"]
[BlackElo "2411"]
[WhiteFideId "2508524"]
[BlackFideId "3200957"]
[EventDate "2018.02.23"]

1. e4 e5 2. Nf3 Nc6 3. Bb5 a6 4. Ba4 d6 5. O-O Bd7 6. d4 b5 7. Bb3 h6 8. c3 Nf6
9. Re1 g6 10. a4 Bg7 11. axb5 axb5 12. Rxa8 Qxa8 13. Na3 Qb8 14. d5 Ne7 15. Bc2
O-O 16. Bd3 c6 17. dxc6 Bxc6 18. Qe2 b4 19. cxb4 Qxb4 20. Bd2 Qxb2 21. Nc4 Qb8
22. Rb1 Qd8 23. Bb4 Ne8 24. Qa2 Nc8 25. Qa6 Qc7 26. Ba5 Qd7 27. Nb6 Nxb6 28.
Rxb6 Nc7 29. Qc4 Ba8 30. Qb4 d5 31. Rd6 Qc8 32. Nd2 Ne6 33. exd5 Nf4 34. Ba6
Qc1+ 35. Nf1 Bxd5 36. Qd2 Qxd2 1/2-1/2

[Event "25th Bunratty Masters"]
[Site "Bunratty IRL"]
[Date "2018.02.25"]
[Round "6.10"]
[White "Rendle, Thomas E"]
[Black "Vogel, Constantin"]
[Result "1/2-1/2"]
[WhiteTitle "IM"]
[WhiteElo "2359"]
[BlackElo "2026"]
[WhiteFideId "408760"]
[BlackFideId "12960071"]
[EventDate "2018.02.23"]

1. e4 Nf6 2. e5 Nd5 3. d4 d6 4. Nf3 Bg4 5. Be2 e6 6. O-O Be7 7. c4 Nb6 8. Nc3
O-O 9. Be3 Nc6 10. exd6 cxd6 11. d5 exd5 12. Nxd5 Nxd5 13. Qxd5 Be6 14. Qh5 Qa5
15. Ng5 Bxg5 16. Qxg5 Qxg5 17. Bxg5 Ne5 18. b3 f6 19. Be3 d5 20. c5 a5 21. Bb5
Rfd8 22. Rfd1 Bd7 23. a4 Be6 24. Bd4 Nc6 25. Rac1 Nxd4 26. Rxd4 Rac8 27. Be2 b6
28. c6 Rd6 29. Bb5 Bd7 30. Bc4 Rcxc6 31. Rcd1 Be6 32. f3 Kf7 33. Kf2 Rc5 34. g4
Rd7 35. Bd3 h6 36. h4 Rc3 37. b4 g5 38. Rh1 Ke7 39. hxg5 hxg5 40. Rh8 1/2-1/2

[Event "25th Bunratty Masters"]
[Site "Bunratty IRL"]
[Date "2018.02.25"]
[Round "6.12"]
[White "Fitzsimons, David"]
[Black "Fox, Anthony"]
[Result "1-0"]
[WhiteTitle "FM"]
[WhiteElo "2330"]
[BlackElo "2038"]
[WhiteFideId "2501961"]
[BlackFideId "2500736"]
[EventDate "2018.02.23"]

1. e4 e5 2. Nf3 Nc6 3. Bc4 Nf6 4. d3 Be7 5. O-O O-O 6. Re1 d6 7. a4 Na5 8. Ba2
c5 9. c3 Nc6 10. Na3 h6 11. Bd2 Be6 12. Bxe6 fxe6 13. b4 cxb4 14. cxb4 Qd7 15.
Nc4 Nh7 16. b5 Nd4 17. Nxd4 exd4 18. Qb3 Kh8 19. Bb4 Rad8 20. Qa3 Rf7 21. e5 d5
22. Bxe7 Rxe7 23. Nd6 Ng5 24. Rac1 Nf7 25. Nc8 Ree8 26. Nxa7 b6 27. Nc6 Ra8 28.
Qb4 Qb7 29. Qxd4 Kh7 30. h4 h5 31. Qb4 Nh6 32. Nd4 Qf7 33. Nf3 Kh8 34. Rc6 Qf5
35. Rxb6 Qxd3 36. Rc6 Ng4 37. b6 1-0

[Event "25th Bunratty Masters"]
[Site "Bunratty IRL"]
[Date "2018.02.25"]
[Round "6.13"]
[White "Wall, Tim P"]
[Black "Connell, Blair N"]
[Result "1/2-1/2"]
[WhiteTitle "FM"]
[WhiteElo "2227"]
[BlackElo "2234"]
[WhiteFideId "401641"]
[BlackFideId "403725"]
[EventDate "2018.02.23"]

1. d4 d5 2. Bf4 Nf6 3. Nc3 c6 4. e3 Bf5 5. Bd3 Bg6 6. Nf3 e6 7. h3 Bd6 8. Ne5
Qe7 9. Qe2 Nbd7 10. O-O O-O 11. Rad1 Bb8 12. Nxg6 hxg6 13. Bxb8 Raxb8 14. Nb1 e5
15. dxe5 Nxe5 16. c3 Nxd3 17. Qxd3 Qc5 18. Nd2 Qb6 19. Qc2 Rfd8 20. Nf3 Rd7 21.
Rd4 Rbd8 22. Rfd1 Qc7 23. Qa4 a5 24. Qc2 c5 25. R4d3 b5 26. a4 Qb6 27. axb5 Qxb5
28. Ne5 Rd6 29. c4 Qe8 30. Nf3 Qe6 31. cxd5 Rxd5 32. Ng5 Qc6 33. e4 Rxd3 34.
Rxd3 Rxd3 35. Qxd3 Qc7 36. Qc4 Nh7 37. Nf3 Nf8 38. Qd5 Ne6 39. g3 Qb8 40. b3 Nd4
41. Ng5 Qf8 1/2-1/2

[Event "25th Bunratty Masters"]
[Site "Bunratty IRL"]
[Date "2018.02.25"]
[Round "6.14"]
[White "Rush, Stephen"]
[Black "Wallace, Paul"]
[Result "1/2-1/2"]
[WhiteElo "2025"]
[BlackElo "2203"]
[WhiteFideId "2512173"]
[BlackFideId "2500892"]
[EventDate "2018.02.23"]

1. d4 Nf6 2. c4 g6 3. f3 Bg7 4. e4 d6 5. Be3 O-O 6. Nc3 c5 7. Nge2 Nc6 8. d5 Ne5
9. Ng3 e6 10. Be2 exd5 11. cxd5 a6 12. a4 h5 13. O-O Nh7 14. Qd2 h4 15. Nh1 f5
16. Nf2 Bd7 17. exf5 gxf5 18. Nh3 Qf6 19. Nf4 Qf7 20. Bf2 h3 21. Nxh3 f4 22. Ne4
Bxh3 23. gxh3 Qg6+ 24. Kh1 Ng5 25. Nxg5 Qxg5 26. Rg1 Qh6 27. h4 Kh8 28. Qa5 b6
29. Qd2 1/2-1/2

[Event "25th Bunratty Masters"]
[Site "Bunratty IRL"]
[Date "2018.02.25"]
[Round "6.15"]
[White "Steil-Antoni, Fiona"]
[Black "Bourached, Anthony"]
[Result "1/2-1/2"]
[WhiteTitle "WIM"]
[WhiteElo "2184"]
[BlackElo "1991"]
[WhiteFideId "4001249"]
[BlackFideId "2504456"]
[EventDate "2018.02.23"]

1. e4 c5 2. Nf3 d6 3. c3 Nf6 4. Bd3 Nc6 5. Bc2 Bg4 6. O-O e6 7. d3 Be7 8. Nbd2
d5 9. Re1 O-O 10. Qe2 d4 11. c4 e5 12. Nf1 a6 13. Ng3 b5 14. b3 Nh5 15. Nf5 Nf4
16. Qd1 Bg5 17. Ng3 Qf6 18. h3 Bxf3 19. gxf3 Nxh3+ 20. Kg2 Nf4+ 21. Bxf4 exf4
22. Nf1 Ne5 23. Nh2 h5 24. Rh1 Bh4 25. Kf1 g5 26. Ke2 g4 27. Qg1 Qg5 28. fxg4
hxg4 29. f3 g3 30. Nf1 f5 31. Qg2 fxe4 32. dxe4 bxc4 33. bxc4 Rfd8 34. Bd3 Rab8
35. Nd2 Rb2 36. Qh3 1/2-1/2

[Event "25th Bunratty Masters"]
[Site "Bunratty IRL"]
[Date "2018.02.25"]
[Round "6.16"]
[White "Manojlovic, Mihailo"]
[Black "Short, Philip M"]
[Result "0-1"]
[BlackTitle "FM"]
[WhiteElo "2055"]
[BlackElo "2333"]
[WhiteFideId "2507633"]
[BlackFideId "2500086"]
[EventDate "2018.02.23"]

1. e4 e6 2. d4 d5 3. Nc3 Bb4 4. e5 Qd7 5. f4 b6 6. Nf3 Ba6 7. Bxa6 Nxa6 8. O-O
Nh6 9. Qd3 Nb8 10. h3 c5 11. dxc5 Bxc5+ 12. Be3 Bxe3+ 13. Qxe3 Nf5 14. Qf2 h5
15. g4 hxg4 16. hxg4 Nh6 17. Qh2 Rf8 18. f5 Nxg4 19. Qf4 Nh6 20. f6 Nf5 21. fxg7
Rg8 22. Nh4 Rxg7+ 23. Kf2 Nxh4 24. Qxh4 Qe7 25. Qh8+ Qf8 26. Qh4 Nc6 27. Qf6 Rg6
28. Qh4 Qh6 29. Qxh6 Rxh6 30. Nb5 Ke7 31. Rae1 Rh5 32. Rg1 Rf5+ 33. Ke3 Rxe5+
34. Kd2 Rxe1 35. Rxe1 Rh8 36. Re3 Rh2+ 37. Kc1 Kd7 38. Rd3 a5 39. Rf3 f5 40. Rg3
Rh7 41. Kd2 f4 42. Rf3 e5 43. a4 Rh4 44. Ke2 e4 45. Rf2 Ke6 46. Nc7+ Ke5 47. c3
d4 48. cxd4+ Nxd4+ 0-1

[Event "25th Bunratty Masters"]
[Site "Bunratty IRL"]
[Date "2018.02.25"]
[Round "6.18"]
[White "O'Gorman, Tom"]
[Black "Moran, Stephen"]
[Result "1-0"]
[WhiteTitle "FM"]
[WhiteElo "2150"]
[BlackElo "2127"]
[WhiteFideId "2508249"]
[BlackFideId "2501872"]
[EventDate "2018.02.23"]

1. e4 e6 2. d4 d5 3. Nd2 Nc6 4. Ngf3 Nf6 5. e5 Nd7 6. Bd3 Nb4 7. Be2 c5 8. c3
Nc6 9. Bd3 Be7 10. O-O a5 11. Re1 Qb6 12. dxc5 Nxc5 13. Bc2 Qc7 14. Nf1 b6 15.
Ng3 Bb7 16. Nh5 O-O-O 17. Nxg7 Rhg8 18. Nh5 d4 19. cxd4 Nxd4 20. Nxd4 Rxg2+ 21.
Kf1 Rxh2 22. Ng3 Bh4 23. Bf4 Bxg3 24. Bxg3 Rh1+ 25. Ke2 Ba6+ 26. Ke3 Rxe1+ 27.
Qxe1 Rxd4 28. Kxd4 Nd3 29. Qc3 1-0